000 00864cam a2200313 i 4500
001 768714001
003 CO-MdFUSB
005 20250529143946.0
007 ta
008 250529t1980 -sp||||| |||| 00| 0 sp d
020 _a84-7228-532-4
040 _cCO-MdFUSB
041 0 _aspa
082 0 4 _a248.5
_223
_bW898s
100 1 _aWoodson, Meg
_eautor
240 _aIf I die at thirty
245 1 0 _aSi he de morir a los 30
_c/ Meg Woodson ; traducido por Xavier Vila
264 1 _aTerrassa, Barcelona, España :
_bClie,
_c[1980]
264 4 _c©1980
300 _a132 páginas
336 _atexto
_btxt
_2rdacontent
337 _2rdamedia
_asin mediación
_bn
338 _2rdacarrier
_avolumen
_bnc
563 _aRústico
650 0 _aVida cristiana
_919
700 _aVila, Xavier.
_92156
_etraductor
942 _cBK
945 _aMiguel Gómez
999 _c36116
_d36116